000 00587nam a22001937a 4500
005 20251108173417.0
008 250721s2006 xx 000 0 ara d
020 _a9957360515
082 1 4 _a210.413343/بال
100 1 _aبالي، وحيد عبد السلام
245 1 0 _aوقاية الانسان من الجن والشيطان /
264 1 _aعمان :
_bدار عالم الثقافة،
_c2006.
300 _a304ص
650 1 7 _aالسحر و التنجيم
650 1 7 _aالشيطان
650 1 7 _aالقرآن الكريم
942 _2ddc
_cBK
999 _c103216
_d103216